A legitimação do segredo : (Record no. 854)

MARC details
000 -LÍDER
Campo Fixo de Controle 00711nam a2200229 a 4500
001 - NÚMERO DE CONTROLE
Campo de Controle 854
003 - IDENTIFICAÇÃO DO NÚMERO DE CONTROLE
Campo de Controle BR-CuiBMT
005 - DATA E HORA DA ÚLTIMA ATUALIZAÇÃO
Campo de Controle 20231129162724.0
008 - DADOS FIXOS
Dados Fixos 231121s2016 peb 000 0 por d
020 ## - INTERNATIONAL STANDARD BOOK NUMBER
Nº do ISBN 9788557071070
040 ## - AGÊNCIA CATALOGADORA
Código da Agência Catalogadora BR-CuiBMT
Agência que transcreveu o registro BR-CuiBMT
080 ## - Nº DA CLASSIFICAÇÃO DECIMAL UNIVERSAL
Nº Class. CDU 342.74
Nº edição CDU 2007
090 ## - NÚMERO DE CHAMADA
Nº classificação 342.74
Cutter A447a
100 1# - ENTRADA PRINCIPAL -- AUTOR PESSOAL
Nome pessoal Almeida, Camila Parente
245 12 - TÍTULO PRINCIPAL
Título principal A legitimação do segredo :
Subtítulo direito à informação e segurança nacional /
Indicação de responsabilidade Camila Parente Almeida.
260 ## - PUBLICAÇÃO, DISTRIBUIÇÃO, ETC.
Local de publicação Olinda :
Editora Livro rápido,
Data c2016.
300 ## - DESCRIÇÃO FÍSICA
N. páginas ou volumes 90 p. ;
Dimensões 20 cm
504 ## - NOTA DE BIBLIOGRAFIA, ETC.
Nota de bibliografia Inclui bibliografia.
650 ## - ASSUNTO TÓPICO
Cabeçalho tópico ou nome geográfico Direitos fundamentais
Subdivisão geral Constituição
Subdivisão geográfica Brasil
650 ## - ASSUNTO TÓPICO
Cabeçalho tópico ou nome geográfico Direito fundamental de informação
942 ## - ELEMENTOS DE ENTRADA ADICIONAIS (KOHA)
Fonte de classificação ou esquema de arquivamento Classificação Decimal Universal
Tipo de item do Koha Livros
Holdings
Estado: removido Estado: perdido Fonte de classificação ou esquema de arquivamento Estado: danificado Indisponível para empréstimo Localização permanente Localização atual Data de aquisição Total Checkouts Número de Chamada completo Código de barras Date last seen Número do exemplar Preço efetivo a partir de Tipo de item (Koha)
    Classificação Decimal Universal     Biblioteca da Escola Superior de Contas do TCE/MT Biblioteca da Escola Superior de Contas do TCE/MT 28/04/2018   342.7 A447a BIBTCEMT23110796 21/11/2023 Ex. 1 21/11/2023 Livros

Powered by Koha